Самые лучшие в чём-либо регионы России - Statistics

General Stats
  • This quiz has been taken 198 times
  • The average score is 7 of 23
Answer Stats
Подсказка Ответ % Correct
Самый холодный Саха/Якутия
92%
Самый населённый Москва/Московская область
67%
Самый большой Саха/Якутия
53%
Самая большая плотностьнаселения Москва/Московская область
53%
С самой высокой точкой Кабардино-Балкария/Карачаево-Черкесия
43%
Самый маленький Севастополь/Ингушетия
40%
С самой южной точкой Дагестан
39%
Самый многонациональный Дагестан
36%
С самой западной точкой Калининградская область
35%
Самый жаркий Калмыкия
32%
С смым молодым городом Татарстан
32%
Самая большая рождаемость(2022 года) Чечня
22%
С самой северной точкой Архангельская область
20%
С самой восточной точкой Чукотский АО
18%
С самым старым городом Крым
16%
Самая маленькая плотностьнаселения Чукотский АО
13%
Самый ненаселённый Ненецкий АО
12%
С самой низкой точкой Дагестан
8%
С самым большим %женщин Ивановская область
7%
С самой большой зарплатой Ямало-Ненецкий АО
6%
С самой маленькой зарплатой Чечня
5%
С самым большим %мужчин Чукотский АО
3%
Самая низкая рождаемость(2022 года) Ленинградская область
1%
No matching quizzes found
Score Distribution
Percent of People with Each Score
Percentile by Number Answered
Your Score History
You have not taken this quiz